KPOP groups 2025 - Statistics

General Stats
  • This quiz has been taken 882 times
    871 since last reset
  • The average score is 47 of 135
Answer Stats
1st Letter Answer % Correct
B BTS
95%
B Blackpink
92%
K K/DA
91%
S Stray Kids
87%
A Aespa
86%
T Twice
83%
T Tomorrow X Together / TXT
81%
E Enhypen
80%
R Red Velvet
78%
I Itzy
77%
I Ive
77%
S Seventeen
77%
L Le Sserafim
76%
A Ateez
75%
G (G)I-dle
75%
N NCT
75%
B Baby Monster
74%
B Big Bang
74%
I Illit
73%
N New Jeans/NJZ
72%
E EXO
71%
M Mamamoo
70%
# 2NE1
69%
N Nmixx
66%
B BoyNextDoor
64%
Z Zerobaseone
64%
I Iz*One
62%
G Got7
58%
L Loona
57%
S Shinee
56%
# 2PM
55%
T Treasure
55%
F Fromis 9
54%
K Kep1er
54%
E Everglow
53%
M Monsta X
53%
S Super Junior
53%
A Apink
52%
D Dreamcatcher
52%
G Gfriend
52%
R Riize
51%
M Momoland
50%
A Astro
49%
K Kiss of Life
49%
B BtoB
48%
W Wonder Girls
48%
G Girls' Generation
47%
P P1Harmony
47%
A AOA
45%
K Katseye
45%
S STAYC
45%
D Day6
44%
I IKon
44%
F F(x)
43%
K KARD
42%
I I.O.I
40%
P Pentagon
40%
C Cravity
37%
V Viviz
37%
W Wanna One
37%
W Winner
36%
F Fifty fifty
35%
S SNSD
35%
T Triple S
35%
X Xikers
35%
C CLC
34%
K Kara
34%
X Xdinary Heroes
34%
O Oh My Girl
33%
O Oneus
33%
P Purple Kiss
32%
W Wayv
32%
A After School
29%
C Cherry Bullet
29%
M Meovv
29%
M Miss A
29%
T T-ara
29%
S Sistar
28%
H H.O.T
27%
U Unis
27%
B Blackswan
25%
V Vixx
25%
E Exid
24%
N NU'EST
23%
W Weeekly
23%
W Weki Meki
18%
Y Young Posse
18%
S S.E.S
17%
J Just B
16%
Q QWER
15%
O OnlyOneOf
14%
Z ZE:A
13%
D DIA
12%
M Mave:
12%
S Secret
12%
L Lovelyz
11%
R Rescene
11%
T Tempest
11%
L Lady
10%
L Lapillus
10%
N Nature
10%
W Wooah
10%
M Mamadol
8%
P Pixy
8%
M Madein
7%
V VAV
7%
W WEi
7%
Y Younite
7%
D DKZ
6%
H Hello Venus
6%
J JYJ
6%
M Mirae
6%
B Big Ocean
5%
C Craxy
5%
U Uni.T
5%
V Vanner
5%
X Xodiac
5%
C CSR
4%
U UNB
3%
J Jewelry
2%
L Lun8
2%
T Triple H
2%
C Coed School
1%
J JJCC
1%
M MVP
1%
N NewKidd
1%
P Playback
1%
S Snuper
1%
T Tahiti
1%
H Hyukoh
0%
J J-Walk
0%
M Mytro
0%
U Urban Zakapa
0%
W W24
0%
Y Year 7 Class 1
0%
No matching quizzes found
Score Distribution
Percent of People with Each Score
Percentile by Number Answered
Your Score History
You have not taken this quiz since the last reset